Chopsticks, cleaver, and wok : (Record no. 21869)
[ view plain ]
| 000 -LEADER | |
|---|---|
| fixed length control field | 00991cam a2200253Ia 4500 |
| 001 - CONTROL NUMBER | |
| control field | chopstickscleave00lowj |
| 003 - CONTROL NUMBER IDENTIFIER | |
| control field | CaSfIA |
| 005 - DATE AND TIME OF LATEST TRANSACTION | |
| control field | 20230525155054.0 |
| 007 - PHYSICAL DESCRIPTION FIXED FIELD--GENERAL INFORMATION | |
| fixed length control field | cr|||| |
| 008 - FIXED-LENGTH DATA ELEMENTS--GENERAL INFORMATION | |
| fixed length control field | 961107s1974 caua 001 0 eng d |
| 040 ## - CATALOGING SOURCE | |
| Original cataloging agency | CUV |
| Transcribing agency | CUV |
| Modifying agency | OCLCG |
| -- | STF |
| -- | CaSfIA |
| 035 ## - SYSTEM CONTROL NUMBER | |
| System control number | (OCoLC)35864447 |
| 043 ## - GEOGRAPHIC AREA CODE | |
| Geographic area code | a-cc--- |
| 050 14 - LIBRARY OF CONGRESS CALL NUMBER | |
| Classification number | TX724.5.C5 |
| Item number | L685 1974 |
| 100 1# - MAIN ENTRY--PERSONAL NAME | |
| Personal name | Low, Jennie, |
| Dates associated with a name | 1940- |
| 245 10 - TITLE STATEMENT | |
| Title | Chopsticks, cleaver, and wok : |
| Medium | [electronic resource] |
| Remainder of title | homestyle Chinese cooking / |
| Statement of responsibility, etc. | by Jennie Low ; editor Doong Tien ; illustrations Lorrie Farrelly. |
| 260 ## - PUBLICATION, DISTRIBUTION, ETC. | |
| Place of publication, distribution, etc. | [S.l. : |
| Name of publisher, distributor, etc. | s.n.], |
| Date of publication, distribution, etc. | c1974 |
| Place of manufacture | (Berkeley, Calif. : |
| Manufacturer | A-CC Printers) |
| 300 ## - PHYSICAL DESCRIPTION | |
| Extent | 178 p. : |
| Other physical details | ill. ; |
| Dimensions | 18 x 23 cm. |
| 500 ## - GENERAL NOTE | |
| General note | Includes index. |
| 650 #0 - SUBJECT ADDED ENTRY--TOPICAL TERM | |
| Topical term or geographic name entry element | Cookery, Chinese. |
| 700 1# - ADDED ENTRY--PERSONAL NAME | |
| Personal name | Tien, Doong. |
| 856 41 - ELECTRONIC LOCATION AND ACCESS | |
| Uniform Resource Identifier | <a href="http://www.archive.org/details/chopstickscleave00lowj">http://www.archive.org/details/chopstickscleave00lowj</a> |
| Public note | Free eBook from the Internet Archive |
| 856 42 - ELECTRONIC LOCATION AND ACCESS | |
| Uniform Resource Identifier | <a href="http://www.openlibrary.org/books/OL24203311M">http://www.openlibrary.org/books/OL24203311M</a> |
| Public note | Additional information and access via Open Library |
| Withdrawn status | Lost status | Damaged status | Not for loan | Collection | Home library | Current library | Date acquired | Total Checkouts | Date last seen | Price effective from | Koha item type |
|---|---|---|---|---|---|---|---|---|---|---|---|
| Project Gutenberg | Main Library | Main Library | 05/25/2023 | 05/25/2023 | 05/25/2023 | EBooks |